000 01914cam a22004334i 4500
003 PE-LiUPU
005 20250731175640.0
008 150706s2008 xxua r 000 0 spa d
020 _a9781405882088
035 _a(Sirsi) i9781405882088
040 _aPE-LiUPU
_bspa
_cPE-LiUPU
_erda
049 _aPRUA
082 0 4 _a428.6461
_bPR4c
_221
100 1 _aCerasini, Marc,
_eautor.
245 1 0 _aCinderella man /
_cescrita por MarcCerasini basado en el guión cinematográfico por Cliff Holligsworth y Akiva Goldsman. Movimiento historia gráfica por Cliff Holligsworth.
264 1 _aHarlow :
_bPearson Education,
_c2008.
300 _avii, 78 páginas :
_bilustraciones ;
_c20 centímetros.
300 _a03 CD-ROM
336 _atext
_2rdacontent
337 _aunmediated
_2rdamedia
338 _avolume
_2rdacarrier
490 0 _aPenguin Readers ;
_vLevel 4
505 0 _aA lucky man -- Hard times -- An embarrassment -- A new life -- Broken promises -- One fight only -- Back in the ring -- A second chance -- Not the same guy -- Night in the park -- Face to face with the champion -- The big day -- The hopes of the croed -- The luckiest man -- Activities.
526 _aP145
526 _aP127
526 _aP97
526 _aP35
526 _aP14
526 _aP07
541 _g002-0046574;
650 0 4 _aInglés
_vLibros de Lecturas.
700 1 _aShipton, Paul.
910 _agl
_cjck
_d20120514
942 _2ddc
_cBOOK
949 _a428.6461 PR4C
_wDEWEY
_c1
_i64625
_lCCODEBUL1
_mBUL
_p5.00
_r0
_sY
_tBOOK
_u2015-7-6
_xEDUCACION
_PP20
_o.STAFF. Colección General
994 _aC0
_bPEPRU
596 _a1
999 _a428.6461 PR4C
_wDEWEY
_c53334
_i64625
_d53334
_e2017-3-7
_f2021-11-8
_g5
_lCCODEBUL1
_mBUL
_n1
_p5.00
_q1
_r0
_sY
_tBOOK
_u2015-7-6
_xEDUCACION
_PP20
_0COMPRA
_o.STAFF. Colección General
980 _81
_gALBERTO SANCHEZ Responsable de Automatización